000 00556nam a2200181 i 4500
001 25201
003 ES-MaACL
005 20230906153218.0
007 t|
008 021220s1970 sp ||||1| spa d
100 1 _aApley, John.
_922094
245 1 3 _aEl niño y sus síntomas /
_cJohn Apley y Ronald Mac Keith ; prólogo de Milton J. E. Senn.
260 _aBarcelona, etc. :
_bSalvat,
_c[1970]
300 _aXIV, 342 p. ;
_c23 cm.
700 1 _aMac Keith, Ronald.
_975036
700 1 _aSenn, Milton J. E.
_9105472
852 _aES-MaACL
_jC-38233
_bR.72999
999 _c25201
_d25201